Biocomputing 2016 - Proceedings Of The Pacific Symposium.

Bibliographic Details
Main Author: Altman, Russ B.
Other Authors: Dunker, A Keith., Hunter, Lawrence., Ritchie, Marylyn D., Murray, Tiffany A., Klein, Teri E.
Format: eBook
Language:English
Published: Singapore : World Scientific Publishing Company, 2015.
Edition:1st ed.
Subjects:
Online Access:Click to View
LEADER 02431nam a22004213i 4500
001 EBC6383173
003 MiAaPQ
005 20231204023215.0
006 m o d |
007 cr cnu||||||||
008 231204s2015 xx o ||||0 eng d
020 |a 9789814749411  |q (electronic bk.) 
020 |z 9789814749404 
035 |a (MiAaPQ)EBC6383173 
035 |a (Au-PeEL)EBL6383173 
035 |a (OCoLC)1202568399 
040 |a MiAaPQ  |b eng  |e rda  |e pn  |c MiAaPQ  |d MiAaPQ 
100 1 |a Altman, Russ B. 
245 1 0 |a Biocomputing 2016 - Proceedings Of The Pacific Symposium. 
250 |a 1st ed. 
264 1 |a Singapore :  |b World Scientific Publishing Company,  |c 2015. 
264 4 |c Ã2016. 
300 |a 1 online resource (605 pages) 
336 |a text  |b txt  |2 rdacontent 
337 |a computer  |b c  |2 rdamedia 
338 |a online resource  |b cr  |2 rdacarrier 
505 0 |a Intro -- 1discovery-all -- darabos -- regenbogen -- speyer -- verkhivker -- 1. Background -- 2. Methods -- 2.1. Data mining -- 2.2. Somatic mutation distributions and driver mutation hotspots in protein kinome -- 2.3. Network modeling of residue interaction networks in protein kinases -- verma -- yu-rev -- zitnik -- 1innovative-all -- dumitrescu -- hao -- hu -- schuler -- shnaps -- verma -- koire -- ma -- manrai -- 1pm-all -- 0pm-session-intro-submitted -- basile -- bellon-rev -- chaibubneto -- cookebailey -- fichtenholtz -- kamdar -- khakabimamaghani -- kim -- laper -- li -- sengupta -- sokolov -- 1rna-all -- 0intro-rev -- kassuhn -- muppirala -- pena_castillo -- 1smm-all -- 0psb-smm_intro-rev -- aphinyanaphongs -- correia -- sullivan_rev -- workshop-all. 
588 |a Description based on publisher supplied metadata and other sources. 
590 |a Electronic reproduction. Ann Arbor, Michigan : ProQuest Ebook Central, 2023. Available via World Wide Web. Access may be limited to ProQuest Ebook Central affiliated libraries.  
655 4 |a Electronic books. 
700 1 |a Dunker, A Keith. 
700 1 |a Hunter, Lawrence. 
700 1 |a Ritchie, Marylyn D. 
700 1 |a Murray, Tiffany A. 
700 1 |a Klein, Teri E. 
776 0 8 |i Print version:  |a Altman, Russ B  |t Biocomputing 2016 - Proceedings Of The Pacific Symposium  |d Singapore : World Scientific Publishing Company,c2015  |z 9789814749404 
797 2 |a ProQuest (Firm) 
856 4 0 |u https://ebookcentral.proquest.com/lib/matrademy/detail.action?docID=6383173  |z Click to View